[Event "SVK-ch U16 Girls"]
[Site "Tatralandia"]
[Date "2025.05.14"]
[Round "5"]
[White "Rexova, Kristina"]
[Black "Bujnova, Dominika"]
[Result "1-0"]
[WhiteElo "1556"]
[BlackElo "1449"]
[PlyCount "107"]
[EventDate "2025.05.11"]
[EventType "swiss"]
[EventRounds "9"]
[EventCountry "SVK"]
[SourceTitle "CB21_2025"]
[SourceDate "2025.05.21"]
[SourceVersion "1"]
[SourceVersionDate "2025.05.21"]
[SourceQuality "1"]

1. e4 e5 2. Nf3 Nc6 3. d4 d6 4. dxe5 dxe5 5. Qxd8+ Kxd8 6. Bc4 f6 7. 0-0 Bg4 8. a3 Bxf3 9. gxf3 Nd4 10. Rd1 Ke8 11. c3 Nxf3+ 12. Kg2 Ng5 13. Bxg5 fxg5 14. Nd2 Bd6 15. Nf3 h6 16. Rd3 Nf6 17. Bd5 c6 18. Bxc6+ bxc6 19. Rxd6 c5 20. Re6+ Kf7 21. Rxe5 Rab8 22. b4 g4 23. Nd2 Nd7 24. Rd5 Ke6 25. Nb3 Rhc8 26. Rad1 c4 27. Na5 Nb6 28. R5d4 h5 29. Kg3 Kf6 30. Kh4 g6 31. Rd6+ Kf7 32. Kg5 Rg8 33. Rc6 Rbc8 34. Rdd6 Rxc6 35. Rxc6 Re8 36. Kf4 Re6 37. Rc5 Rf6+ 38. Ke3 Ke6 39. Nxc4 Na4 40. Rc6+ Ke7 41. Rxf6 Kxf6 42. Kd4 Ke6 43. Ne5 Kf6 44. c4 Nb6 45. c5 Nc8 46. Kd5 g5 47. b5 Ke7 48. Kc6 Kd8 49. Kb7 h4 50. c6 Nd6+ 51. Kxa7 Kc7 52. b6+ Kc8 53. b7+ Kc7 54. b8Q# 1-0

[Event "SVK-ch U16 Girls"]
[Site "Tatralandia"]
[Date "2025.05.13"]
[Round "4"]
[White "Bujnova, Dominika"]
[Black "Kaufmanova, Karin"]
[Result "1-0"]
[WhiteElo "1449"]
[BlackElo "1514"]
[PlyCount "70"]
[EventDate "2025.05.11"]
[EventType "swiss"]
[EventRounds "9"]
[EventCountry "SVK"]
[SourceTitle "CB21_2025"]
[SourceDate "2025.05.21"]
[SourceVersion "1"]
[SourceVersionDate "2025.05.21"]
[SourceQuality "1"]

1. e4 e5 2. Nf3 Nc6 3. Bc4 Bc5 4. Nc3 d6 5. d3 Bg4 6. h3 Bh5 7. Bd5 Nge7 8. Bg5 f6 9. Bd2 f5 10. exf5 Nxf5 11. Be4 Nfd4 12. Be3 Nxf3+ 13. Bxf3 Bxf3 14. Qxf3 Rf8 15. Qh5+ g6 16. Qxh7 Qf6 17. Nd5 Qf7 18. Nxc7+ Kd7 19. Qxf7+ Rxf7 20. Nxa8 Nd4 21. Bxd4 Bxd4 22. 0-0 Rf8 23. c3 Rxa8 24. cxd4 exd4 25. Rfe1 Rf8 26. Re4 Rc8 27. Rxd4 Rc2 28. b3 Kc6 29. Rc4+ Rxc4 30. dxc4 b5 31. cxb5+ Kxb5 32. Rd1 Kc5 33. g4 d5 34. f4 d4 35. Kf2 Kd5 1-0

[Event "SVK-ch U16 Girls"]
[Site "Tatralandia"]
[Date "2025.05.13"]
[Round "3"]
[White "Durovska, Miriam"]
[Black "Bujnova, Dominika"]
[Result "0-1"]
[WhiteElo "1563"]
[BlackElo "1449"]
[PlyCount "76"]
[EventDate "2025.05.11"]
[EventType "swiss"]
[EventRounds "9"]
[EventCountry "SVK"]
[SourceTitle "CB21_2025"]
[SourceDate "2025.05.21"]
[SourceVersion "1"]
[SourceVersionDate "2025.05.21"]
[SourceQuality "1"]

1. c4 e5 2. Nc3 Nc6 3. g3 Nf6 4. Bg2 Bc5 5. e3 d6 6. Nge2 Bg4 7. 0-0 0-0 8. h3 Bf5 9. d4 Bb6 10. a3 Na5 11. b3 Qc8 12. Kh2 exd4 13. exd4 c6 14. Bb2 Qd7 15. Rc1 d5 16. c5 Bc7 17. Na4 b5 18. cxb6 axb6 19. Bc3 b5 20. Nc5 Qc8 21. Re1 Nb7 22. Bb2 Nxc5 23. Rxc5 Bd6 24. Rc1 Bxa3 25. Bxa3 Rxa3 26. Nf4 Ra2 27. Rf1 Be4 28. f3 Bf5 29. g4 Bd7 30. g5 Ne8 31. Nxd5 Qb8+ 32. f4 cxd5 33. Kh1 f6 34. Bxd5+ Kh8 35. gxf6 Rxf6 36. Qf3 Be6 37. Bxe6 Rxe6 38. f5 Qh2# 0-1

[Event "SVK-ch U08 Girls"]
[Site "Liptovsky Mikulas"]
[Date "2016.04.23"]
[Round "9"]
[White "Bujnova, Dominika"]
[Black "Holestiakova, Lubana"]
[Result "0-1"]
[WhiteElo "1000"]
[BlackElo "1145"]
[PlyCount "106"]
[EventDate "2016.04.16"]
[EventType "swiss"]
[EventRounds "9"]
[EventCountry "SVK"]
[SourceTitle "CBM 172 Extra"]
[Source "ChessBase"]
[SourceDate "2016.06.21"]
[SourceVersion "1"]
[SourceVersionDate "2016.06.21"]
[SourceQuality "1"]

1. e4 e5 2. Bc4 Nf6 3. Nf3 Nxe4 4. d3 Nf6 5. Ng5 Bb4+ 6. Bd2 Bxd2+ 7. Nxd2 0-0 8. Nxf7 Qe8 9. Ne4 Nxe4 10. dxe4 Rxf7 11. Bxf7+ Qxf7 12. 0-0 Qg6 13. f3 d6 14. h3 Bxh3 15. Kf2 Qxg2+ 16. Ke3 Qxf1 17. Kd2 Qf2+ 18. Kc1 Qe3+ 19. Kb1 Na6 20. Qc1 Qxc1+ 21. Kxc1 Bg2 22. Kd2 Bxf3 23. Re1 Nb4 24. a3 Nc6 25. Re3 Rf8 26. Ke1 Nd4 27. c3 Nc2+ 28. Kd2 Nxe3 29. Kxe3 Rf4 30. b4 Bxe4 31. c4 d5 32. cxd5 Bxd5 33. a4 Re4+ 34. Kd3 Rd4+ 35. Kc3 Rh4 36. a5 Rh3+ 37. Kd2 Rh6 38. b5 Re6 39. b6 axb6 40. axb6 cxb6 41. Kd3 e4+ 42. Ke3 Re5 43. Kf4 Re8 44. Ke3 Kh8 45. Kd2 e3+ 46. Ke2 Bc4+ 47. Kd1 e2+ 48. Ke1 Re7 49. Kd2 e1Q+ 50. Kc2 Qe3 51. Kb2 Rd7 52. Kc2 Rd2+ 53. Kc1 Qe1# 0-1

[Event "SVK-ch U08 Girls"]
[Site "Liptovsky Mikulas"]
[Date "2016.04.19"]
[Round "5"]
[White "Klimcikova, Nina"]
[Black "Bujnova, Dominika"]
[Result "0-1"]
[WhiteElo "1000"]
[BlackElo "1000"]
[PlyCount "92"]
[EventDate "2016.04.16"]
[EventType "swiss"]
[EventRounds "9"]
[EventCountry "SVK"]
[SourceTitle "CBM 172 Extra"]
[Source "ChessBase"]
[SourceDate "2016.06.21"]
[SourceVersion "1"]
[SourceVersionDate "2016.06.21"]
[SourceQuality "1"]

1. e4 e5 2. Nf3 Nc6 3. Nc3 Nf6 4. Bc4 Bc5 5. Ng5 Rg8 6. Nxf7 Qe7 7. 0-0 d6 8. d3 Be6 9. Ng5 Nd8 10. Bxe6 Nxe6 11. Nh3 0-0-0 12. Nb5 Kb8 13. Bd2 c6 14. Ba5 Rc8 15. c3 cxb5 16. b4 Bb6 17. Bxb6 axb6 18. Qe2 Rxc3 19. Qe3 Qc7 20. a3 Rc8 21. a4 bxa4 22. Ra2 Rc1 23. g3 Rxf1+ 24. Kxf1 Ng4 25. Qf3 Nxh2+ 26. Kg2 Nxf3 27. Kxf3 b5 28. Ra1 Qc3 29. Rd1 Qb3 30. Rd2 Qxb4 31. Rd1 Rc3 32. Ke3 Qb3 33. g4 Qxd1 34. f3 Rxd3+ 35. Kf2 Qc2+ 36. Kg3 Qe2 37. Kh4 Rxf3 38. Ng1 Qf2+ 39. Kh5 g6+ 40. Kh6 Qxg1 41. Kxh7 Qxg4 42. Kg8 g5 43. Kh8 Rf7 44. Kg8 Qf4 45. Kh8 Qf6+ 46. Kg8 Qg7# 0-1